Most popular social media sites 2016 - Statistics

General Stats
  • This quiz has been taken 140 times
  • The average score is 8 of 20
Answer Stats
Rank Answer % Correct
#1 Facebook
98%
#7 Instagram
93%
#2 Twitter
91%
#11 Snapchat
86%
#5 YouTube
74%
#4 Google+
53%
#8 Tumblr
47%
#6 Pinterest
41%
#12 WhatsApp
40%
#3 LinkedIn
39%
#14 Vine
33%
#10 Reddit
29%
#9 Flickr
16%
#20 Viber
10%
#15 Periscope
3%
#13 Quora
3%
#19 Digg
2%
#18 Delicious
1%
#16 BizSugar
0%
#17 StumbleUpon
0%
No matching quizzes found
Score Distribution
Percent of People with Each Score
Percentile by Number Answered
Your Score History
You have not taken this quiz